Left-Wingers by Picture #3 - Statistics

General Stats
  • This quiz has been taken 70 times
  • The average score is 10 of 16
Answer Stats
Picture Answer % Correct
John Lennon
97%
Charlie Chaplin
95%
Kim Il Sung
92%
Malcolm X
92%
Dalai Lama
89%
Muammar Gaddafi
88%
Stephen Hawking
88%
Malala Yousafzai
72%
Marie Curie
69%
Tupac Shakur
55%
Jacinda Ardern
41%
Angela Davis
30%
Cornel West
27%
Peter Kropotkin
20%
Michael Foot
19%
Mother Jones
5%
No matching quizzes found
Score Distribution
Percent of People with Each Score
Percentile by Number Answered
Your Score History
You have not taken this quiz